000 00501nam a2200133Ia 4500
008 200928s9999 xx 000 0 und d
020 _a978-621-409-108-9
100 _aCoronacion, Dennis C.
245 _cDennis C. Coronacion, Froilan C. Calilung.--
_aConvergence :
_bA College textbook in Contemporary World /
260 _aMandaluyong City :
_bBooks Atbp. Publishing Corp.
_c2018
300 _ax , 259 pages :
_billustrations ;
_c25 cm.
650 _aMass media and culture
650 _aPopular culture
999 _c364546
_d364546